[Event "Tatry op"]
[Site "Tatranske Zruby"]
[Date "2011.10.01"]
[Round "8"]
[White "Janos, Ivan"]
[Black "Fejtek, Petr"]
[Result "1-0"]
[WhiteElo "2142"]
[BlackElo "1903"]
[PlyCount "65"]
[EventDate "2011.09.25"]
[EventType "swiss"]
[EventRounds "9"]
[EventCountry "SVK"]
[SourceTitle "CBM 144 Extra"]
[Source "ChessBase"]
[SourceDate "2011.10.28"]
[SourceVersion "1"]
[SourceVersionDate "2011.10.28"]
[SourceQuality "1"]

1. e4 e5 2. Nf3 Nc6 3. Bc4 Nf6 4. Ng5 d5 5. exd5 Nd4 6. c3 b5 7. Bf1 Nxd5 8. cxd4 Qxg5 9. Bxb5+ Kd8 10. 0-0 Bb7 11. Qf3 Rb8 12. dxe5 Nb4 13. d4 Qxg2+ 14. Qxg2 Bxg2 15. Kxg2 Nc2 16. Nc3 Nxa1 17. Bg5+ Be7 18. Bxe7+ Kxe7 19. Rxa1 Rhd8 20. d5 a6 21. Bxa6 Rxb2 22. a4 Rc2 23. Ra3 Ra8 24. Bb5 Ra5 25. Ne4 h6 26. d6+ cxd6 27. exd6+ Kd8 28. Re3 Rxb5 29. axb5 Rb2 30. Ra3 Rxb5 31. Ra8+ Kd7 32. Ra7+ Ke6 33. Re7+ 1-0

[Event "Tatry op"]
[Site "Tatranske Zruby"]
[Date "2011.09.30"]
[Round "7"]
[White "Fejtek, Petr"]
[Black "Vanka, Miloslav"]
[Result "0-1"]
[WhiteElo "1903"]
[BlackElo "2113"]
[PlyCount "104"]
[EventDate "2011.09.25"]
[EventType "swiss"]
[EventRounds "9"]
[EventCountry "SVK"]
[SourceTitle "CBM 144 Extra"]
[Source "ChessBase"]
[SourceDate "2011.10.28"]
[SourceVersion "1"]
[SourceVersionDate "2011.10.28"]
[SourceQuality "1"]

1. e4 e6 2. d4 c5 3. Nf3 cxd4 4. Nxd4 a6 5. Bd3 Bc5 6. Nb3 Be7 7. 0-0 d6 8. Nc3 Nf6 9. Bg5 Nxe4 10. Bxe7 Nxc3 11. Qg4 Kxe7 12. bxc3 g6 13. Rad1 f5 14. Qh4+ Kf7 15. Qg3 Nc6 16. Rfe1 Qe7 17. Bc4 Ne5 18. Rxe5 dxe5 19. Qxe5 Rd8 20. Rxd8 Qxd8 21. Nd4 Qf6 22. Qc7+ Qe7 23. Qb6 Kf8 24. f4 Bd7 25. Qxb7 Re8 26. Nf3 Bb5 27. Qxe7+ Kxe7 28. Bb3 Rc8 29. Kf2 Rxc3 30. Ne5 a5 31. a4 Bc6 32. Nc4 Bxa4 33. Nxa5 Bxb3 34. cxb3 Kd6 35. Nc4+ Kc5 36. Nd2 Kd4 37. g3 Rc2 38. Ke1 Kc3 39. Nf3 h6 40. Kf1 Rb2 41. Ke1 Rxb3 42. Ke2 Rb4 43. Ke3 Re4+ 44. Kf2 Kd3 45. Ng1 g5 46. fxg5 hxg5 47. h3 g4 48. h4 Ra4 49. Kg2 Ra2+ 50. Kh1 Ke3 51. h5 Kf2 52. h6 Kxg3 0-1

[Event "Tatry op"]
[Site "Tatranske Zruby"]
[Date "2011.09.28"]
[Round "5"]
[White "Fejtek, Petr"]
[Black "Mrva, Vladimir"]
[Result "0-1"]
[WhiteElo "1903"]
[BlackElo "2157"]
[PlyCount "92"]
[EventDate "2011.09.25"]
[EventType "swiss"]
[EventRounds "9"]
[EventCountry "SVK"]
[SourceTitle "CBM 144 Extra"]
[Source "ChessBase"]
[SourceDate "2011.10.28"]
[SourceVersion "1"]
[SourceVersionDate "2011.10.28"]
[SourceQuality "1"]

1. e4 e5 2. Nf3 Nc6 3. d4 exd4 4. Nxd4 Qf6 5. Be3 Bc5 6. c3 Nge7 7. Qa4 Nxd4 8. Bxd4 Bxd4 9. Qxd4 Qg6 10. Nd2 0-0 11. g3 Nc6 12. Qe3 Re8 13. Bg2 d5 14. 0-0 dxe4 15. Qf4 f5 16. Nc4 Qf7 17. b3 Be6 18. Ne3 Rad8 19. Rfd1 Rxd1+ 20. Rxd1 Rd8 21. Rxd8+ Nxd8 22. f3 exf3 23. Bxf3 Qd7 24. Qd4 Qxd4 25. cxd4 b6 26. d5 Bd7 27. Kf2 Kf7 28. Nc4 Kf6 29. h4 Nf7 30. Ke3 Ne5 31. Bg2 Nxc4+ 32. bxc4 Ke5 33. a3 g6 34. Bf3 h6 35. Bg2 g5 36. hxg5 hxg5 37. Bf1 Be8 38. Be2 a6 39. Bf3 Bg6 40. Bg2 f4+ 41. gxf4+ gxf4+ 42. Kf2 Kd4 43. Bf1 Bd3 44. Bxd3 Kxd3 45. Kf3 Kxc4 46. Kxf4 Kxd5 0-1

[Event "Tatry op"]
[Site "Tatranske Zruby"]
[Date "2010.10.03"]
[Round "2"]
[White "Partys, Petr"]
[Black "Fejtek, Petr"]
[Result "1-0"]
[WhiteElo "2026"]
[BlackElo "1914"]
[PlyCount "101"]
[EventDate "2010.10.02"]
[EventType "swiss"]
[EventRounds "9"]
[EventCountry "SVK"]
[SourceTitle "CBM 138 Extra"]
[Source "ChessBase"]
[SourceDate "2010.10.29"]
[SourceVersion "1"]
[SourceVersionDate "2010.10.29"]
[SourceQuality "1"]

1. e4 e5 2. Nf3 Nc6 3. Bb5 a6 4. Ba4 Nf6 5. d4 exd4 6. 0-0 Be7 7. e5 Ne4 8. Nxd4 Nc5 9. Nf5 0-0 10. Qg4 g6 11. Nxe7+ Qxe7 12. Bxc6 dxc6 13. Qg3 Re8 14. Re1 Bf5 15. Nc3 Qe6 16. Bg5 Bxc2 17. Re3 Qf5 18. Bf6 h5 19. h3 Qe6 20. Qg5 Kh7 21. g4 Rg8 22. Rg3 Nd7 23. Rc1 Nxf6 24. exf6 Bf5 25. gxf5 Qxf5 26. Qxf5 gxf5 27. Rd1 Rxg3+ 28. fxg3 Kg6 29. Rd7 Rc8 30. Kf2 Kxf6 31. Kf3 Ke6 32. Rd3 Kf6 33. Ne2 h4 34. gxh4 Rh8 35. Rd4 Ke5 36. Rf4 Rd8 37. Ke3 Rd1 38. h5 Rd6 39. Nd4 Rf6 40. Nf3+ Ke6 41. Rh4 Rh6 42. Kf4 c5 43. Kg5 Rh8 44. h6 Rg8+ 45. Kf4 Rh8 46. h7 f6 47. Rh6 b5 48. Nh4 c4 49. Ng6 Rd8 50. h8Q Rd4+ 51. Ke3 1-0

[Event "Tatry op"]
[Site "Tatranske Zruby"]
[Date "2007.09.28"]
[Round "8"]
[White "Bednar, Jan"]
[Black "Fejtek, Petr"]
[Result "1-0"]
[WhiteElo "2156"]
[BlackElo "2001"]
[PlyCount "43"]
[EventDate "2007.09.22"]
[EventType "swiss"]
[EventRounds "9"]
[EventCountry "SVK"]
[SourceTitle "CBM 120 Extra"]
[Source "ChessBase"]
[SourceDate "2007.11.01"]
[SourceVersion "1"]
[SourceVersionDate "2007.11.01"]
[SourceQuality "1"]

1. d4 d5 2. c4 c6 3. Nf3 Nf6 4. Nc3 dxc4 5. a4 Bf5 6. e3 e6 7. Bxc4 Bb4 8. 0-0 Nbd7 9. Nh4 Bg6 10. Nxg6 hxg6 11. Qe2 0-0 12. e4 Nb6 13. e5 Qxd4 14. Bxe6 Nfd5 15. Nxd5 Nxd5 16. Rd1 Nf4 17. Bxf4 Qxf4 18. g3 Qg5 19. Bb3 Rad8 20. Rxd8 Qxd8 21. e6 fxe6 22. Qxe6+ 1-0

[Event "Tatry op"]
[Site "Tatranske Zruby"]
[Date "2006.09.30"]
[Round "9"]
[White "Staszko, Martin"]
[Black "Fejtek, Petr"]
[Result "1/2-1/2"]
[WhiteElo "2071"]
[BlackElo "2008"]
[PlyCount "57"]
[EventDate "2006.09.23"]
[EventType "swiss"]
[EventRounds "9"]
[EventCountry "SVK"]
[SourceTitle "CBM 114 Extra"]
[Source "ChessBase"]
[SourceDate "2006.11.03"]
[SourceVersion "1"]
[SourceVersionDate "2006.11.03"]
[SourceQuality "1"]

1. e4 e5 2. Bc4 Nf6 3. d3 c6 4. Nf3 d5 5. Bb3 Bd6 6. Nc3 Be6 7. 0-0 0-0 8. Bg5 d4 9. Ne2 Bxb3 10. axb3 Nbd7 11. Ng3 Re8 12. Ne1 h6 13. Bd2 Bf8 14. Nf5 Kh7 15. Qc1 Ng8 16. f4 g6 17. Ng3 f6 18. Nf3 exf4 19. Bxf4 Nc5 20. Bd2 Ne6 21. Ne2 c5 22. Nf4 Nxf4 23. Bxf4 Bd6 24. Qd2 Qc7 25. Bxd6 Qxd6 26. Qf2 Re7 27. Nd2 b6 28. Nc4 Qe6 29. Qf4 1/2-1/2

[Event "CZE-chT2b 0506"]
[Site "Czech Republic"]
[Date "2006.03.12"]
[Round "9"]
[White "Fejtek, Petr"]
[Black "Kral, David"]
[Result "1/2-1/2"]
[WhiteElo "2006"]
[BlackElo "1955"]
[PlyCount "44"]
[EventDate "2005.10.16"]
[EventType "team"]
[EventRounds "11"]
[EventCountry "CZE"]
[SourceTitle "EXT 2009"]
[Source "ChessBase"]
[SourceDate "2008.11.26"]
[SourceVersion "1"]
[SourceVersionDate "2008.11.26"]
[SourceQuality "1"]

1. e4 c5 2. c4 Nc6 3. Ne2 g6 4. d4 cxd4 5. Nxd4 Bg7 6. Be3 d6 7. Nc3 Nf6 8. Be2 0-0 9. 0-0 Ne8 10. Qd2 f5 11. exf5 gxf5 12. Nxc6 bxc6 13. Bh6 e5 14. Qg5 Be6 15. Qxd8 Rxd8 16. Bxg7 Kxg7 17. Rfd1 Nf6 18. Rac1 d5 19. cxd5 cxd5 20. Nb5 Rd7 21. Nc7 Bf7 22. Bb5 Rd6 1/2-1/2

[Event "Tatry op"]
[Site "Tatranske Zruby"]
[Date "2005.09.13"]
[Round "5"]
[White "Fejtek, Petr"]
[Black "Hudec, Jan"]
[Result "1/2-1/2"]
[WhiteElo "2006"]
[BlackElo "2128"]
[PlyCount "29"]
[EventDate "2005.09.10"]
[EventType "swiss"]
[EventRounds "9"]
[EventCountry "SVK"]
[SourceTitle "CBM 108 Extra"]
[Source "ChessBase"]
[SourceDate "2005.11.04"]
[SourceVersion "1"]
[SourceVersionDate "2005.11.04"]
[SourceQuality "1"]

1. e4 c5 2. c4 Nc6 3. Ne2 e6 4. d4 cxd4 5. Nxd4 Nf6 6. Nc3 Bb4 7. Nxc6 bxc6 8. Bd3 d5 9. cxd5 exd5 10. exd5 Qe7+ 11. Qe2 Qxe2+ 12. Bxe2 Nxd5 13. Bd2 0-0 14. 0-0 Nxc3 15. Bxc3 1/2-1/2

[Event "Tatry op"]
[Site "Tatranske Zruby"]
[Date "2004.09.25"]
[Round "1"]
[White "Fejtek, Petr"]
[Black "Sikorova, Olga"]
[Result "0-1"]
[WhiteElo "2013"]
[BlackElo "2268"]
[PlyCount "62"]
[EventDate "2004.09.25"]
[EventType "swiss"]
[EventRounds "9"]
[EventCountry "SVK"]
[SourceTitle "CBM 102 Extra"]
[Source "ChessBase"]
[SourceDate "2004.11.03"]
[SourceVersion "1"]
[SourceVersionDate "2004.11.03"]
[SourceQuality "1"]

1. e4 d5 2. exd5 Nf6 3. Nc3 Nxd5 4. Bc4 c6 5. d4 Bf5 6. Nxd5 cxd5 7. Bd3 Qd7 8. Nf3 Nc6 9. 0-0 Bg4 10. c3 g6 11. Bf4 Bg7 12. Re1 0-0 13. Qe2 f6 14. Bb5 e5 15. Bxc6 bxc6 16. dxe5 Bxf3 17. gxf3 fxe5 18. Bg3 Rf5 19. Rad1 Raf8 20. Rd3 h5 21. Kg2 Qe7 22. h4 g5 23. hxg5 Qxg5 24. Rh1 Qg6 25. Rh4 Bf6 26. Ra4 h4 27. Rg4 Rg5 28. Bh2 e4 29. Kh1 Rxg4 30. fxg4 exd3 31. Qe6+ Rf7 0-1

[Event "Tatry op"]
[Site "Tatranske Zruby"]
[Date "2000.10.07"]
[Round "1"]
[White "Fejtek, Petr"]
[Black "Balogh, Tomas"]
[Result "0-1"]
[WhiteElo "2076"]
[BlackElo "2421"]
[PlyCount "92"]
[EventDate "2000.10.07"]
[EventType "swiss"]
[EventRounds "9"]
[EventCountry "SVK"]
[SourceTitle "EXT 2001"]
[Source "ChessBase"]
[SourceDate "2000.11.22"]
[SourceVersion "1"]
[SourceVersionDate "2000.11.22"]
[SourceQuality "1"]

1. e4 g6 2. d4 c6 3. Nf3 d5 4. Nc3 Bg7 5. exd5 cxd5 6. Bf4 a6 7. Bd3 Nc6 8. Ne2 Bg4 9. c3 Bxf3 10. gxf3 e6 11. Qd2 Rc8 12. Nc1 Nf6 13. Nb3 Nd7 14. Bc2 Nb6 15. 0-0-0 Nc4 16. Qe2 Qf6 17. Be3 b6 18. h4 h5 19. Bg5 Bh6 20. f4 Bxg5 21. fxg5 Qf4+ 22. Kb1 0-0 23. Bd3 Ne7 24. Nd2 b5 25. Nb3 Rfd8 26. Nc5 Rc6 27. Nb3 Rdc8 28. Nc5 R8c7 29. Qc2 Rb6 30. Qe2 Nf5 31. Bxf5 Qxf5+ 32. Qc2 Qf4 33. Nd3 Qf3 34. Ka1 a5 35. Qc1 Rc8 36. Qc2 Kg7 37. Qc1 b4 38. cxb4 axb4 39. b3 Nd6 40. Qb2 Ne4 41. Rhg1 Nc3 42. Rd2 Qe4 43. Nc5 Qxh4 44. Nd7 Ra6 45. Qc1 Qxd4 46. Rb2 Rca8 0-1